Cambridge opera journal

Detalles Bibliográficos
Formato: Electrónico Revista
Lenguaje:inglés
Publicado: Cambridge, England ; New York, N.Y. : Cambridge University Press, ©1989-
Materias:
Acceso en línea:Full text available from Research Library: 03/01/2001 to 1 year ago

MARC

LEADER 00000nas a2200000 a 4500
001 ssj0013074
003 WaSeSS
005 20200512172242.0
006 m d
007 cr n
008 010822c19899999enktr pss o 0 a0eng c
010 |a  2004235630 
015 |a GBB401056  |2 bnb 
016 7 |a 022095233  |2 DE-101 
016 7 |a 2053867-4  |2 DE-600 
016 7 |a 012904019  |2 Uk 
022 |a 1474-0621  |l 0954-5867  |y 0954-5867 
035 |a (WaSeSS)ssj0013074 
040 |a PIT  |b eng  |c PIT  |d OCLCQ  |d WCM  |d EYM  |d HLS  |d OCL  |d OCLCQ  |d OCL  |d UQ1  |d OCLCQ  |d GUA  |d OCLCQ  |d GBVCP  |d OCLCQ  |d OCLCF  |d OCLCO  |d VT2  |d OCLCQ  |d DEBBG  |d DEFHM  |d OCLCO  |d RCE  |d CCO  |d UAB  |d FIE  |d OCLCQ  |d OCLCA  |d AU@  |d OCLCO  |d UKMGB  |d NJT  |d OCLCA  |d DLC  |d WaSeSS 
042 |a pcc 
050 0 0 |a ML1699 
082 0 4 |a 782.1 
130 0 |a Cambridge opera journal (Online) 
222 0 |a Cambridge opera journal  |b (Online) 
245 1 0 |a Cambridge opera journal  |h [electronic resource]. 
260 |a Cambridge, England ;  |a New York, N.Y. :  |b Cambridge University Press,  |c ©1989- 
310 |a Three times a year 
362 0 |a Vol. 1, no. 1 (Mar. 1989)- 
500 |a Title from title screen (JSTOR, viewed Oct. 8, 2003). 
506 |a License restrictions may limit access. 
538 |a Mode of access: World Wide Web. 
588 |a Latest issue consulted: Vol. 31, issue 1 (Mar. 2019); (Cambridge Core website, viewed April 22, 2020). 
650 0 |a Opera  |v Periodicals. 
650 6 |a Opéra  |v Périodiques. 
650 7 |a Opera.  |2 fast  |0 (OCoLC)fst01046145 
650 7 |a Oper  |2 gnd 
650 1 7 |a Opéra.  |2 rasuqam 
655 0 |a Electronic journals. 
776 1 |t Cambridge opera journal  |x 0954-5867  |w (DLC)sn 89013298  |w (OCoLC)19282923 
850 |a DLC 
856 4 0 |z Full text available from Research Library: 03/01/2001 to 1 year ago  |u https://search.proquest.com/publication/30431